<?xml version="1.0" encoding="UTF-8"?>
<record
    xmlns:xsi="http://www.w3.org/2001/XMLSchema-instance"
    xsi:schemaLocation="http://www.loc.gov/MARC21/slim http://www.loc.gov/standards/marcxml/schema/MARC21slim.xsd"
    xmlns="http://www.loc.gov/MARC21/slim">

  <leader>00924nas a2200325 i 4500</leader>
  <controlfield tag="001">C2-0245793</controlfield>
  <controlfield tag="003">PPAK</controlfield>
  <controlfield tag="005">20220529113536.0</controlfield>
  <controlfield tag="008">030318s1980    io a  |      |  0   may d</controlfield>
  <datafield tag="022" ind1=" " ind2=" ">
    <subfield code="a">0126-4737</subfield>
  </datafield>
  <datafield tag="040" ind1=" " ind2=" ">
    <subfield code="a">PPAK</subfield>
    <subfield code="b">eng</subfield>
    <subfield code="c">PPAK</subfield>
    <subfield code="e">rda</subfield>
  </datafield>
  <datafield tag="082" ind1="0" ind2="4">
    <subfield code="a">499.228</subfield>
    <subfield code="2">23</subfield>
  </datafield>
  <datafield tag="090" ind1="0" ind2="0">
    <subfield code="a">499.228</subfield>
    <subfield code="b">MAJ</subfield>
    <subfield code="d">KIH</subfield>
  </datafield>
  <datafield tag="090" ind1="2" ind2="0">
    <subfield code="a">499.228</subfield>
    <subfield code="b">MAJ</subfield>
    <subfield code="d">KSA</subfield>
  </datafield>
  <datafield tag="090" ind1="2" ind2="0">
    <subfield code="a">499.228</subfield>
    <subfield code="b">MAJ</subfield>
    <subfield code="d">KAO</subfield>
  </datafield>
  <datafield tag="245" ind1="0" ind2="0">
    <subfield code="a">MAJALAH PEMBINAAN BAHASA INDONESIA /</subfield>
  </datafield>
  <datafield tag="264" ind1=" " ind2="1">
    <subfield code="a">Jakarta Timur : </subfield>
    <subfield code="b">P. T. Bhratara,</subfield>
    <subfield code="c">1980</subfield>
  </datafield>
  <datafield tag="264" ind1=" " ind2="4">
    <subfield code="c">&#xA9;1980</subfield>
  </datafield>
  <datafield tag="300" ind1=" " ind2=" ">
    <subfield code="a">5 volume : </subfield>
    <subfield code="b">illustrations ; </subfield>
    <subfield code="c">21 cm</subfield>
  </datafield>
  <datafield tag="336" ind1=" " ind2=" ">
    <subfield code="2">rdacontent</subfield>
    <subfield code="a">text</subfield>
  </datafield>
  <datafield tag="337" ind1=" " ind2=" ">
    <subfield code="2">rdamedia</subfield>
    <subfield code="a">unmediated</subfield>
  </datafield>
  <datafield tag="338" ind1=" " ind2=" ">
    <subfield code="2">rdacarrier</subfield>
    <subfield code="a">volume</subfield>
  </datafield>
  <datafield tag="500" ind1=" " ind2=" ">
    <subfield code="a">Jilid I Tahun 1980,
</subfield>
  </datafield>
  <datafield tag="500" ind1=" " ind2=" ">
    <subfield code="a">Jilid 2 Tahun 1981,
</subfield>
  </datafield>
  <datafield tag="500" ind1=" " ind2=" ">
    <subfield code="a">Jilid III Tahun 1982,
</subfield>
  </datafield>
  <datafield tag="500" ind1=" " ind2=" ">
    <subfield code="a">Jilid IV Tahun 1983,

</subfield>
  </datafield>
  <datafield tag="500" ind1=" " ind2=" ">
    <subfield code="a">Jilid V Tahun 1984</subfield>
  </datafield>
  <datafield tag="650" ind1="1" ind2="0">
    <subfield code="a">Indonesian language</subfield>
    <subfield code="v">Periodicals</subfield>
  </datafield>
  <datafield tag="942" ind1=" " ind2=" ">
    <subfield code="c">B</subfield>
    <subfield code="2">ddc</subfield>
  </datafield>
  <datafield tag="999" ind1=" " ind2=" ">
    <subfield code="c">59797</subfield>
    <subfield code="d">59797</subfield>
  </datafield>
  <datafield tag="952" ind1=" " ind2=" ">
    <subfield code="0">0</subfield>
    <subfield code="7">1</subfield>
    <subfield code="b">PPAK</subfield>
    <subfield code="c">KSA</subfield>
    <subfield code="d">2003-03-18</subfield>
    <subfield code="o">KSA 499.228 MAJ</subfield>
    <subfield code="p">A00204112</subfield>
    <subfield code="r">2018-05-08 00:00:00</subfield>
    <subfield code="y">B</subfield>
  </datafield>
  <datafield tag="952" ind1=" " ind2=" ">
    <subfield code="0">0</subfield>
    <subfield code="7">1</subfield>
    <subfield code="b">PPAK</subfield>
    <subfield code="c">KIH</subfield>
    <subfield code="d">2009-11-11</subfield>
    <subfield code="l">0</subfield>
    <subfield code="o">KIH 499.228 MAJ</subfield>
    <subfield code="p">A00173459</subfield>
    <subfield code="r">2018-05-08 00:00:00</subfield>
    <subfield code="y">B</subfield>
  </datafield>
  <datafield tag="952" ind1=" " ind2=" ">
    <subfield code="0">0</subfield>
    <subfield code="7">1</subfield>
    <subfield code="b">JT</subfield>
    <subfield code="c">KAO</subfield>
    <subfield code="d">2021-08-17</subfield>
    <subfield code="h">Jilid 2</subfield>
    <subfield code="l">0</subfield>
    <subfield code="o">KAO 499.228 MAJ</subfield>
    <subfield code="p">KAO000255</subfield>
    <subfield code="r">2021-08-17 00:00:00</subfield>
    <subfield code="y">B</subfield>
  </datafield>
  <datafield tag="952" ind1=" " ind2=" ">
    <subfield code="0">0</subfield>
    <subfield code="7">1</subfield>
    <subfield code="b">JT</subfield>
    <subfield code="c">KAO</subfield>
    <subfield code="d">2021-08-17</subfield>
    <subfield code="h">Jilid 1</subfield>
    <subfield code="l">0</subfield>
    <subfield code="o">KAO 499.228 MAJ</subfield>
    <subfield code="p">KAO000254</subfield>
    <subfield code="r">2021-08-17 00:00:00</subfield>
    <subfield code="y">B</subfield>
  </datafield>
  <datafield tag="952" ind1=" " ind2=" ">
    <subfield code="0">0</subfield>
    <subfield code="7">1</subfield>
    <subfield code="b">JT</subfield>
    <subfield code="c">KAO</subfield>
    <subfield code="d">2021-08-17</subfield>
    <subfield code="h">Jilid III Tahun 1982, Hlm. 1-256</subfield>
    <subfield code="l">0</subfield>
    <subfield code="o">KAO 499.228 MAJ</subfield>
    <subfield code="p">KAO000256</subfield>
    <subfield code="r">2021-08-17 00:00:00</subfield>
    <subfield code="y">B</subfield>
  </datafield>
  <datafield tag="952" ind1=" " ind2=" ">
    <subfield code="0">0</subfield>
    <subfield code="7">1</subfield>
    <subfield code="b">JT</subfield>
    <subfield code="c">KAO</subfield>
    <subfield code="d">2021-08-17</subfield>
    <subfield code="h">Jilid V Tahun 1984 </subfield>
    <subfield code="l">0</subfield>
    <subfield code="o">KAO 499.228 MAJ</subfield>
    <subfield code="p">KAO000257</subfield>
    <subfield code="r">2021-08-17 00:00:00</subfield>
    <subfield code="y">B</subfield>
  </datafield>
  <datafield tag="952" ind1=" " ind2=" ">
    <subfield code="0">0</subfield>
    <subfield code="7">1</subfield>
    <subfield code="b">JT</subfield>
    <subfield code="c">KAO</subfield>
    <subfield code="d">2022-07-04</subfield>
    <subfield code="o">KAO 499.228 MAJ</subfield>
    <subfield code="p">KAO001217</subfield>
    <subfield code="r">2022-07-04 00:00:00</subfield>
    <subfield code="y">B</subfield>
  </datafield>
</record>
